LIBRARY & INFORMATION CENTRE, KCAET, TAVANUR

ONLINE PUBLIC ACCESS CATALOGUE (OPAC)

Design and fabrication of husk fired inclined grate furnace & testing of CRRI mini paraboiling unit (Record no. 15333)

MARC details
000 -LEADER
fixed length control field 00465nam a22001457a 4500
082 ## - DEWEY DECIMAL CLASSIFICATION NUMBER
Classification number 631.56
Item number LEV/DE
100 ## - MAIN ENTRY--AUTHOR NAME
Personal name LEVAN, K. V
245 ## - TITLE STATEMENT
Title Design and fabrication of husk fired inclined grate furnace & testing of CRRI mini paraboiling unit
260 ## - PUBLICATION, DISTRIBUTION, ETC. (IMPRINT)
Place of publication Tavanur
Name of publisher Kelappaji College of Agricultural Engineering and Technology
Year of publication 1990
300 ## - PHYSICAL DESCRIPTION
Number of Pages 66
500 ## - GENERAL NOTE
General note project report
520 ## - SUMMARY, ETC.
Summary, etc project report
650 ## - SUBJECT ADDED ENTRY--TOPICAL TERM
Topical Term project report
942 ## - ADDED ENTRY ELEMENTS (KOHA)
Koha item type Project Report
Holdings
Withdrawn status Lost status Damaged status Home library Current library Date acquired Full call number Accession Number Koha item type
      KAUAET KAUAET 05/01/1990 631.56 LEV/DE 16580 Project Report
free website counter